How geo-strategy, warfare and war-tech have changed in 2022: A review of events which shaped the new paradigms of warcraft (Record no. 522067)

000 -LEADER
fixed length control field 01291nam a22001457a 4500
008 - FIXED-LENGTH DATA ELEMENTS--GENERAL INFORMATION
fixed length control field 230309b ||||| |||| 00| 0 eng d
100 ## - MAIN ENTRY--PERSONAL NAME
Personal name Dhakate, Shaurya
245 ## - TITLE STATEMENT
Title How geo-strategy, warfare and war-tech have changed in 2022: A review of events which shaped the new paradigms of warcraft
260 ## - PUBLICATION, DISTRIBUTION, ETC. (IMPRINT)
Place of publication, distribution, etc U.S.I. Journal
300 ## - PHYSICAL DESCRIPTION
Extent 152(630), Oct-Dec, 2022: p.562-572
520 ## - SUMMARY, ETC.
Summary, etc The year 2022 arrived with fresh opportunities and challenges for the world, transforming the way nations dealt with each other in the process of safeguarding their interests. The article looks back at the year to see how nations behaved in conflicts, what new strategic challenges emerged, and the development of new state of the art war-tech. It attempts to look at the events based on the level of significance they hold pertaining to the change in the global order, including territorial disputes, cyber warfare, war and recent development of war-tech. It concludes with the significant changes in the belief system around the world when it comes to how wars will be fought in the near future. These changes are a result of the paths that nations took in 2022 to gain strategic advantage over their adversaries.- Reproduced
773 ## - HOST ITEM ENTRY
Main entry heading U.S.I. Journal
906 ## - LOCAL DATA ELEMENT F, LDF (RLIN)
Subject DIP WARS
942 ## - ADDED ENTRY ELEMENTS (KOHA)
Item type Articles
Holdings
Withdrawn status Lost status Source of classification or shelving scheme Damaged status Not for loan Permanent location Current location Date acquired Serial Enumeration / chronology Barcode Date last seen Koha item type
          Indian Institute of Public Administration Indian Institute of Public Administration 2023-03-09 152(630), Oct-Dec, 2022: p.562-572 AR128330 2023-03-09 Articles

Powered by Koha